|
|
|
|
| LEADER |
00000naa a2200000 a 4500 |
| 001 |
vtls011851179 |
| 003 |
SK-MaSNL |
| 005 |
20260302134255.0 |
| 008 |
210910|2011 xo |||||||||||||||||slo| |
| 015 |
|
|
|a SNBCL
|
| 035 |
|
|
|a (urnnbn)urn:nbn:sk:snk:ar-a0at7c
|
| 035 |
|
|
|a urn:nbn:sk:snk-aaw65p
|
| 035 |
|
|
|a (uuid)64ec82d3-a10f-4bde-b38f-faa075eab520
|
| 040 |
|
|
|a SNKBUCL
|b slo
|c SNKBUCL
|e AACR2
|
| 041 |
|
|
|a slo
|
| 044 |
|
|
|a xo
|c SK
|
| 100 |
1 |
|
|a Lazar, Tobiáš,
|d 1935-
|4 aut
|9 9808
|
| 245 |
1 |
0 |
|a AKTUÁLNY VÝSKUM PRAHOVEJ LETOVEJ BEZPEČNOSTI JEJ KVALITY
|c Tobiáš Lazar, Ján Labun, Pavol Kurdel
|
| 336 |
|
|
|a text
|b txt
|c rdacontent
|
| 337 |
|
|
|a bez média
|b n
|c rdamedia
|
| 338 |
|
|
|a zväzok
|b nc
|c rdacarrier
|
| 655 |
|
7 |
|a články zo zborníkov
|2 snkbucl
|9 166140
|
| 700 |
1 |
|
|a Labun, Ján,
|d 1950-
|4 aut
|9 316240
|
| 700 |
1 |
|
|a Kurdel, Pavol
|4 aut
|9 669467
|
| 773 |
0 |
|
|t Zvyšovanie bezpečnosti a kvality v civilnom a vojenskom letectve
|d Žilina : Žilinská univerzita (Edis), 2011
|g S. 93-99
|z 9788055403649
|
| 958 |
|
|
|a OND
|
| 958 |
|
|
|a article26
|
| 958 |
|
|
|a chapter
|
| 999 |
|
|
|c 1321021
|d 1322951
|